| 000 | 00000nam##2200000za#4500 |
| 001 | 9.649733 |
| 003 | CaOODSP |
| 005 | 20210615113911 |
| 007 | ta |
| 008 | 150407|2006||||xxc||||| f|0| 0 eng|d |
| 020 | |a0-662-40537-4 |
| 040 | |aCaOODSP|beng |
| 043 | |an-cn--- |
| 086 | 1 |aM144-84/2005E |
| 110 | 1 |aCanada.|bNatural Resources Canada. |bOffice of Energy Efficiency. |
| 245 | 10|aAll about gas fireplaces |
| 246 | 3 |aHome heating and cooling series |
| 260 | |aOttawa - Ontario : |bNatural Resources Canada. |cRevised December 2004, reprinted January 2006. |
| 300 | |a42p. : |bcoloured figs., tables ; |c21 cm. |
| 520 | 3 |aIf you're thinking about adding a gas fireplace to your home or changing your conventional wood-burning fireplace, this booklet gives you all the information you need to make a knowledgeable purchase decision that will save you money, increase your home's comfort and keep your home safe. It will also help you become an expert at understanding gas fireplace features from the types of venting to the types of ignition to what to look for in a gas fireplace and what to avoid. |
| 563 | |aSoftcover |
| 590 | |a06-13|b2006-03-31 |
| 690 | 07|aHeating|2gcpds |
| 775 | 08|tLe guide complet des foyers à gaz |w(CaOODSP)9.682892 |